<?xml version="1.0" encoding="UTF-8"?>
<record
    xmlns:xsi="http://www.w3.org/2001/XMLSchema-instance"
    xsi:schemaLocation="http://www.loc.gov/MARC21/slim http://www.loc.gov/standards/marcxml/schema/MARC21slim.xsd"
    xmlns="http://www.loc.gov/MARC21/slim">

  <leader>00726nam a22001577a 4500</leader>
  <controlfield tag="003">OSt</controlfield>
  <controlfield tag="005">20151021103529.0</controlfield>
  <controlfield tag="008">151021b        xxu||||| |||| 00| 0 eng d</controlfield>
  <datafield tag="040" ind1=" " ind2=" ">
    <subfield code="c">RUA</subfield>
  </datafield>
  <datafield tag="082" ind1=" " ind2=" ">
    <subfield code="a">AVM THO 2009 B089 Or.1</subfield>
  </datafield>
  <datafield tag="100" ind1=" " ind2=" ">
    <subfield code="9">2598</subfield>
    <subfield code="a">THONG, VANSAT.</subfield>
  </datafield>
  <datafield tag="245" ind1=" " ind2=" ">
    <subfield code="a">Study on householder pig raising in kampong chen tbong commune stoung district kampong thom province (&#x1780;&#x17B6;&#x179A;&#x179F;&#x17B7;&#x1780;&#x17D2;&#x179F;&#x17B6;&#x179B;&#x17BE;&#x1780;&#x17B6;&#x179A;&#x1785;&#x17B7;&#x1789;&#x17D2;&#x1785;&#x17BA;&#x1798;&#x1787;&#x17D2;&#x179A;&#x17BC;&#x1780;&#x1787;&#x17B6;&#x179B;&#x1780;&#x17D2;&#x1781;&#x178E;&#x17C7;&#x1782;&#x17D2;&#x179A;&#x17BD;&#x179F;&#x17B6;&#x179A;&#x1793;&#x17C5;&#x1780;&#x17D2;&#x1793;&#x17BB;&#x1784;&#x1783;&#x17BB;&#x17C6;&#x1780;&#x17C6;&#x1796;&#x17BB;&#x1784;&#x1785;&#x17B7;&#x1793;&#x178F;&#x17D2;&#x1794;&#x17BC;&#x1784;&#x179F;&#x17D2;&#x179A;&#x17BB;&#x1780;&#x179F;&#x17D2;&#x1791;&#x17C4;&#x1784;&#x1781;&#x17C1;&#x178F;&#x17D2;&#x178F;&#x1780;&#x17C6;&#x1796;&#x1784;&#x17CB;&#x1792;&#x17C6;)</subfield>
  </datafield>
  <datafield tag="260" ind1=" " ind2=" ">
    <subfield code="a">Phnom Penh</subfield>
    <subfield code="b">RUA</subfield>
    <subfield code="c">2009</subfield>
  </datafield>
  <datafield tag="300" ind1=" " ind2=" ">
    <subfield code="a">xi, 40p.</subfield>
    <subfield code="b">ill.</subfield>
    <subfield code="c">29cm.</subfield>
  </datafield>
  <datafield tag="942" ind1=" " ind2=" ">
    <subfield code="2">ddc</subfield>
    <subfield code="c">AVM</subfield>
  </datafield>
  <datafield tag="999" ind1=" " ind2=" ">
    <subfield code="c">2444</subfield>
    <subfield code="d">2444</subfield>
  </datafield>
  <datafield tag="952" ind1=" " ind2=" ">
    <subfield code="0">0</subfield>
    <subfield code="1">0</subfield>
    <subfield code="2">ddc</subfield>
    <subfield code="4">0</subfield>
    <subfield code="6">AVM_THO_2009_000000000000000_B089_OR_1</subfield>
    <subfield code="7">0</subfield>
    <subfield code="9">10980</subfield>
    <subfield code="a">LBB</subfield>
    <subfield code="b">LBB</subfield>
    <subfield code="c">B089</subfield>
    <subfield code="d">2015-10-21</subfield>
    <subfield code="o">AVM THO 2009 B089 Or.1</subfield>
    <subfield code="p">RUA006771</subfield>
    <subfield code="r">2015-10-21</subfield>
    <subfield code="w">2015-10-21</subfield>
    <subfield code="y">AVM</subfield>
  </datafield>
  <datafield tag="952" ind1=" " ind2=" ">
    <subfield code="0">0</subfield>
    <subfield code="1">0</subfield>
    <subfield code="2">ddc</subfield>
    <subfield code="4">0</subfield>
    <subfield code="6">AVM_THO_2009_000000000000000_B089_OR_2</subfield>
    <subfield code="7">0</subfield>
    <subfield code="9">10981</subfield>
    <subfield code="a">LBB</subfield>
    <subfield code="b">LBB</subfield>
    <subfield code="c">B089</subfield>
    <subfield code="d">2015-10-21</subfield>
    <subfield code="o">AVM THO 2009 B089 Or.2</subfield>
    <subfield code="p">RUA006843</subfield>
    <subfield code="r">2015-10-21</subfield>
    <subfield code="w">2015-10-21</subfield>
    <subfield code="y">AVM</subfield>
  </datafield>
  <datafield tag="952" ind1=" " ind2=" ">
    <subfield code="0">0</subfield>
    <subfield code="1">0</subfield>
    <subfield code="2">ddc</subfield>
    <subfield code="4">0</subfield>
    <subfield code="6">AVM_THO_2009_000000000000000_B089_OR_3</subfield>
    <subfield code="7">0</subfield>
    <subfield code="9">10982</subfield>
    <subfield code="a">LBB</subfield>
    <subfield code="b">LBB</subfield>
    <subfield code="c">B089</subfield>
    <subfield code="d">2015-10-21</subfield>
    <subfield code="o">AVM THO 2009 B089 Or.3</subfield>
    <subfield code="p">RUA009214</subfield>
    <subfield code="r">2015-10-21</subfield>
    <subfield code="w">2015-10-21</subfield>
    <subfield code="y">AVM</subfield>
  </datafield>
  <datafield tag="952" ind1=" " ind2=" ">
    <subfield code="0">0</subfield>
    <subfield code="1">0</subfield>
    <subfield code="2">ddc</subfield>
    <subfield code="4">0</subfield>
    <subfield code="6">AVM_THO_2009_000000000000000_B089_OR_4</subfield>
    <subfield code="7">0</subfield>
    <subfield code="9">10983</subfield>
    <subfield code="a">LBB</subfield>
    <subfield code="b">LBB</subfield>
    <subfield code="c">B089</subfield>
    <subfield code="d">2015-10-21</subfield>
    <subfield code="o">AVM THO 2009 B089 Or.4</subfield>
    <subfield code="p">RUA015210</subfield>
    <subfield code="r">2015-10-21</subfield>
    <subfield code="w">2015-10-21</subfield>
    <subfield code="y">AVM</subfield>
  </datafield>
  <datafield tag="952" ind1=" " ind2=" ">
    <subfield code="0">0</subfield>
    <subfield code="1">0</subfield>
    <subfield code="2">ddc</subfield>
    <subfield code="4">0</subfield>
    <subfield code="6">AVM_THO_2009_000000000000000_B089_OR_5</subfield>
    <subfield code="7">0</subfield>
    <subfield code="9">10984</subfield>
    <subfield code="a">LBB</subfield>
    <subfield code="b">LBB</subfield>
    <subfield code="c">B089</subfield>
    <subfield code="d">2015-10-21</subfield>
    <subfield code="o">AVM THO 2009 B089 Or.5</subfield>
    <subfield code="p">RUA006274</subfield>
    <subfield code="r">2015-10-21</subfield>
    <subfield code="w">2015-10-21</subfield>
    <subfield code="y">AVM</subfield>
  </datafield>
  <datafield tag="952" ind1=" " ind2=" ">
    <subfield code="0">0</subfield>
    <subfield code="1">0</subfield>
    <subfield code="2">ddc</subfield>
    <subfield code="4">0</subfield>
    <subfield code="6">AVM_THO_2009_000000000000000_B089_OR_6</subfield>
    <subfield code="7">0</subfield>
    <subfield code="9">10985</subfield>
    <subfield code="a">LBB</subfield>
    <subfield code="b">LBB</subfield>
    <subfield code="c">B089</subfield>
    <subfield code="d">2015-10-21</subfield>
    <subfield code="o">AVM THO 2009 B089 Or.6</subfield>
    <subfield code="p">RUA009591</subfield>
    <subfield code="r">2015-10-21</subfield>
    <subfield code="w">2015-10-21</subfield>
    <subfield code="y">AVM</subfield>
  </datafield>
  <datafield tag="952" ind1=" " ind2=" ">
    <subfield code="0">0</subfield>
    <subfield code="1">0</subfield>
    <subfield code="2">ddc</subfield>
    <subfield code="4">0</subfield>
    <subfield code="6">AVM_THO_2009_000000000000000_B089_OR_7</subfield>
    <subfield code="7">0</subfield>
    <subfield code="9">36956</subfield>
    <subfield code="a">LBB</subfield>
    <subfield code="b">LBB</subfield>
    <subfield code="c">B089</subfield>
    <subfield code="d">2016-02-03</subfield>
    <subfield code="o">AVM THO 2009 B089 Or.7</subfield>
    <subfield code="p">RUA050782</subfield>
    <subfield code="r">2016-02-03</subfield>
    <subfield code="w">2016-02-03</subfield>
    <subfield code="y">AVM</subfield>
  </datafield>
  <datafield tag="952" ind1=" " ind2=" ">
    <subfield code="0">0</subfield>
    <subfield code="1">0</subfield>
    <subfield code="2">ddc</subfield>
    <subfield code="4">0</subfield>
    <subfield code="6">AVM_THO_2009_000000000000000_B089_OR_8</subfield>
    <subfield code="7">0</subfield>
    <subfield code="9">36957</subfield>
    <subfield code="a">LBB</subfield>
    <subfield code="b">LBB</subfield>
    <subfield code="c">B089</subfield>
    <subfield code="d">2016-02-03</subfield>
    <subfield code="o">AVM THO 2009 B089 Or.8</subfield>
    <subfield code="p">RUA049842</subfield>
    <subfield code="r">2016-02-03</subfield>
    <subfield code="w">2016-02-03</subfield>
    <subfield code="y">AVM</subfield>
  </datafield>
  <datafield tag="952" ind1=" " ind2=" ">
    <subfield code="0">0</subfield>
    <subfield code="1">0</subfield>
    <subfield code="2">ddc</subfield>
    <subfield code="4">0</subfield>
    <subfield code="6">AVM_THO_2009_000000000000000_B1_234_OR_1</subfield>
    <subfield code="7">0</subfield>
    <subfield code="9">78775</subfield>
    <subfield code="a">LBB</subfield>
    <subfield code="b">LBB</subfield>
    <subfield code="c">B1.234</subfield>
    <subfield code="d">2019-05-27</subfield>
    <subfield code="o">AVM THO 2009 B1.234 Or.1</subfield>
    <subfield code="p">A35485</subfield>
    <subfield code="r">2019-05-27</subfield>
    <subfield code="w">2019-05-27</subfield>
    <subfield code="y">AVM</subfield>
  </datafield>
  <datafield tag="952" ind1=" " ind2=" ">
    <subfield code="0">0</subfield>
    <subfield code="1">0</subfield>
    <subfield code="2">ddc</subfield>
    <subfield code="4">0</subfield>
    <subfield code="6">AVM_THO_2009_000000000000000_B1_234_OR_1</subfield>
    <subfield code="7">0</subfield>
    <subfield code="9">78854</subfield>
    <subfield code="a">LBB</subfield>
    <subfield code="b">LBB</subfield>
    <subfield code="c">B1.234</subfield>
    <subfield code="d">2019-05-28</subfield>
    <subfield code="o">AVM THO 2009 B1.234 Or.1</subfield>
    <subfield code="p">A36607</subfield>
    <subfield code="r">2019-05-28</subfield>
    <subfield code="w">2019-05-28</subfield>
    <subfield code="y">AVM</subfield>
  </datafield>
</record>
